[Event "London Classic Open 2016"]
[Site "London ENG"]
[Date "2016.12.12"]
[Round "5.113"]
[White "Dror, Levi"]
[Black "Cotter, Len"]
[Result "1-0"]
[WhiteElo "1698"]
[BlackElo "1758"]
[WhiteFideId "2809583"]
[BlackFideId "431419"]
[EventDate "2016.12.09"]

1. e4 c5 2. Nf3 d6 3. d4 cxd4 4. Nxd4 Nf6 5. Nc3 a6 6. Bg5 Nbd7 7. f4 e6 8. Qf3
Qc7 9. O-O-O b5 10. Bd3 Bb7 11. Kb1 Be7 12. Rhe1 Nc5 13. Bxf6 Bxf6 14. Bxb5+ Nd7
15. Bxd7+ Qxd7 16. Qg3 O-O 17. Rd3 Qd8 18. Red1 Be7 19. e5 d5 20. f5 exf5 21.
Nxf5 g6 22. Nxe7+ Qxe7 23. Nxd5 Bxd5 24. Rxd5 Rfe8 25. a3 Qc7 26. Qf3 Rac8 27.
Qe2 Re6 28. c3 Rce8 29. g3 f6 30. Qf1 fxe5 31. Rd7 R6e7 32. Rxc7 Rxc7 33. Qxa6
e4 34. Re1 e3 35. Qd6 Rf7 36. Qd5 Kf8 37. Qd4 Rf3 38. Qh8+ Ke7 39. Qxh7+ Kf6 40.
Qb7 Rf2 41. Qb6+ Re6 42. Qd4+ 1-0

[Event "London Classic Open 2016"]
[Site "London ENG"]
[Date "2016.12.12"]
[Round "5.114"]
[White "Kalerwa, Edwin M"]
[Black "Balaji, Aaravamudhan"]
[Result "1/2-1/2"]
[WhiteElo "1756"]
[BlackElo "1634"]
[WhiteFideId "422223"]
[BlackFideId "436224"]
[EventDate "2016.12.09"]

1. c4 Nf6 2. d4 g6 3. Nc3 Bg7 4. g3 O-O 5. Bg2 d6 6. Nf3 Nbd7 7. e4 e5 8. d5 h6
9. O-O Nc5 10. Ne1 a5 11. Be3 Nfd7 12. Qd2 Kh7 13. f4 f5 14. Qc2 Qe7 15. Nd3
Nxd3 16. Qxd3 Nf6 17. Rae1 Ng4 18. Bd2 Bd7 19. Re2 Rae8 20. Nb5 Bxb5 21. cxb5 h5
22. a4 b6 23. b4 axb4 24. Bxb4 exf4 25. gxf4 Qf6 26. e5 dxe5 27. Bxf8 Bxf8 28.
Rc1 Bc5+ 29. Rxc5 bxc5 30. h3 e4 31. Qg3 h4 32. Qe1 Qd4+ 33. Kh1 Nh6 34. a5 Qxd5
35. Rd2 Qf7 36. Qxh4 e3 37. Re2 Qc4 38. Qe1 Qxb5 1/2-1/2

[Event "London Classic Open 2016"]
[Site "London ENG"]
[Date "2016.12.12"]
[Round "5.115"]
[White "Kretov, Ivan"]
[Black "Bratteteig, Tore-Inge"]
[Result "1-0"]
[WhiteElo "1674"]
[BlackElo "1698"]
[WhiteFideId "24194484"]
[BlackFideId "1510711"]
[EventDate "2016.12.09"]

1. d4 Nf6 2. c4 c5 3. e3 cxd4 4. exd4 d5 5. b3 Bf5 6. Bd3 Bxd3 7. Qxd3 e6 8. Ne2
Nc6 9. a3 Bd6 10. c5 Bc7 11. O-O O-O 12. Bd2 b6 13. Rc1 bxc5 14. Rxc5 Ne7 15.
Be3 Ne4 16. Rc2 Qd7 17. f3 Nf6 18. Nbc3 a6 19. Na4 Rfc8 20. Nc5 Qb5 21. Qxb5
axb5 22. b4 Nf5 23. Bf2 Nd6 24. Nc3 Ra7 25. Bg3 Rb8 26. Be5 Nc4 27. Bxc7 Rxc7
28. Na6 Rbc8 29. Nxc7 Rxc7 30. Nxb5 Rc6 31. a4 Ne8 32. Na3 Ned6 33. Nxc4 Nxc4
34. b5 Rb6 35. Rc3 Kf8 36. Kf2 Ke7 37. Ke2 f6 38. Rb1 Kd7 39. Kd3 e5 40. Rxc4
dxc4+ 41. Kxc4 exd4 42. Kxd4 Kd6 43. Kc4 Rb8 44. Rd1+ Kc7 45. a5 Re8 46. Kc5 Re2
47. b6+ Kb7 48. Rd7+ Kb8 49. a6 Rc2+ 50. Kd6 Rd2+ 51. Ke7 Re2+ 52. Kf7 Kc8 53.
Rc7+ Kd8 54. a7 Ra2 55. Kxg7 Rxg2+ 56. Kxf6 Rg6+ 57. Ke5 Rxb6 58. Rxh7 Rb5+ 59.
Kd6 Rb6+ 60. Kc5 1-0

[Event "London Classic Open 2016"]
[Site "London ENG"]
[Date "2016.12.13"]
[Round "6.1"]
[White "Bok, Benjamin"]
[Black "Aravindh, Chithambaram VR."]
[Result "1/2-1/2"]
[WhiteTitle "GM"]
[BlackTitle "GM"]
[WhiteElo "2598"]
[BlackElo "2566"]
[WhiteFideId "1017063"]
[BlackFideId "5072786"]
[EventDate "2016.12.09"]

1. Nf3 Nf6 2. g3 g6 3. Bg2 Bg7 4. c4 d5 5. d4 dxc4 6. Na3 c5 7. O-O Nc6 8. dxc5
Qxd1 9. Rxd1 Ne4 10. Nxc4 Nxc5 11. Be3 Be6 12. Nce5 Nxe5 13. Nxe5 Bxe5 14. Bxc5
Rc8 15. Bxa7 Rc2 16. Bxb7 O-O 17. Bd4 1/2-1/2

[Event "London Classic Open 2016"]
[Site "London ENG"]
[Date "2016.12.13"]
[Round "6.2"]
[White "Blomqvist, Erik"]
[Black "Bacrot, Etienne"]
[Result "1/2-1/2"]
[WhiteTitle "GM"]
[BlackTitle "GM"]
[WhiteElo "2567"]
[BlackElo "2689"]
[WhiteFideId "1709437"]
[BlackFideId "605506"]
[EventDate "2016.12.09"]

1. Nf3 d5 2. d4 Nf6 3. c4 e6 4. g3 Bb4+ 5. Bd2 Be7 6. Bg2 O-O 7. O-O Nbd7 8. Qc2
c6 9. Bf4 Nh5 10. Bc1 Nhf6 11. Bf4 Nh5 1/2-1/2

[Event "London Classic Open 2016"]
[Site "London ENG"]
[Date "2016.12.13"]
[Round "6.3"]
[White "Iturrizaga Bonelli, Eduardo"]
[Black "Schroeder, Jan-Christian"]
[Result "1/2-1/2"]
[WhiteTitle "GM"]
[BlackTitle "GM"]
[WhiteElo "2652"]
[BlackElo "2541"]
[WhiteFideId "3901211"]
[BlackFideId "24662259"]
[EventDate "2016.12.09"]

1. c4 e6 2. g3 d5 3. d4 Nf6 4. Bg2 Be7 5. Nf3 O-O 6. O-O dxc4 7. Ne5 Nc6 8. Nxc6
bxc6 9. Na3 Bxa3 10. bxa3 Ba6 11. Qd2 Rb8 12. Qa5 Qc8 13. a4 Rd8 14. Ba3 Rxd4
15. Rfb1 Rb6 16. Bc5 Rd7 17. Rd1 Rxd1+ 18. Rxd1 Rb8 19. Bxc6 Bb7 20. Bb5 Bd5 21.
Ba6 Bb7 22. Bxc4 Nd5 23. Qd2 a6 24. f3 Qe8 25. Bb3 Bc6 26. e4 Nb6 27. a5 Na4 28.
Ba7 Rc8 29. Bd4 Bb5 30. Qg5 1/2-1/2

[Event "London Classic Open 2016"]
[Site "London ENG"]
[Date "2016.12.13"]
[Round "6.4"]
[White "Svane, Rasmus"]
[Black "Safarli, Eltaj"]
[Result "1/2-1/2"]
[WhiteTitle "GM"]
[BlackTitle "GM"]
[WhiteElo "2555"]
[BlackElo "2691"]
[WhiteFideId "4657101"]
[BlackFideId "13402129"]
[EventDate "2016.12.09"]

1. Nf3 Nf6 2. c4 e6 3. Nc3 Bb4 4. Qc2 c5 5. a3 Ba5 6. e3 d5 7. Be2 Nc6 8. O-O d4
9. Na4 Nd7 10. b4 cxb4 11. axb4 Nxb4 12. Qb1 d3 13. Bd1 Nc2 14. Bxc2 dxc2 15.
Qxc2 O-O 16. Nc3 Bxc3 17. Qxc3 b6 18. Bb2 Nf6 19. d3 Qc7 20. Qe5 Qxe5 21. Nxe5
Bb7 22. Ra3 a6 23. Bd4 b5 24. Rb1 Rfd8 25. cxb5 axb5 26. Rxa8 Bxa8 27. Rxb5 Nd5
28. Nc4 f6 29. Kf1 e5 30. Ba7 Bc6 31. Rb3 Ba4 32. Ra3 Bb5 33. Ke2 e4 34. Kd2
exd3 35. Nb2 Ne7 1/2-1/2

[Event "London Classic Open 2016"]
[Site "London ENG"]
[Date "2016.12.13"]
[Round "6.5"]
[White "Fodor, Tamas Jr."]
[Black "Fressinet, Laurent"]
[Result "1-0"]
[WhiteTitle "GM"]
[BlackTitle "GM"]
[WhiteElo "2494"]
[BlackElo "2672"]
[WhiteFideId "723762"]
[BlackFideId "608742"]
[EventDate "2016.12.09"]

1. d4 Nf6 2. c4 e6 3. Nc3 Bb4 4. Nf3 d5 5. Bg5 h6 6. Bxf6 Qxf6 7. e3 O-O 8. Rc1
dxc4 9. Bxc4 c5 10. a3 cxd4 11. axb4 dxc3 12. bxc3 Bd7 13. O-O Rc8 14. Qb3 Nc6
15. Rfd1 Be8 16. Be2 Qe7 17. Nd2 Ne5 18. Ra1 b6 19. b5 Rc7 20. Ne4 Nd7 21. Bf3
Rb8 22. Ra3 Rd8 23. Qb4 Qxb4 24. cxb4 f5 25. Nc3 Rdc8 26. Ne2 Ne5 27. Nd4 Nxf3+
28. gxf3 e5 29. Nxf5 Bxb5 30. Kg2 Rf8 31. e4 Bc4 32. Rc1 b5 33. Ra6 Kh7 34. Rca1
Rff7 35. h4 Be2 36. R1a3 Bc4 37. h5 Rfd7 38. Nd6 Be2 39. Ra2 Bc4 40. Ra1 Be2 41.
R1a2 Bc4 42. R2a3 Be2 43. Nf5 Bc4 44. Kg3 Bf7 45. Kg4 Rc1 46. f4 Rg1+ 47. Ng3
Rd2 48. Rf3 Bc4 49. Kf5 exf4 50. Kxf4 Rg2 51. Rxa7 Rdxf2 52. Rxf2 Rxf2+ 53. Ke3
Rg2 54. Kf3 Ra2 55. Rb7 Rb2 56. Nf5 Rxb4 57. Rxg7+ Kh8 58. Rg6 Bf7 59. Rxh6+ Kg8
60. e5 Bd5+ 61. Kg3 Rb3+ 62. Kf4 Rf3+ 63. Kg5 Be4 64. Nd6 Bd3 65. Re6 b4 66.
Re8+ Rf8 67. Re7 b3 68. Rb7 1-0

[Event "London Classic Open 2016"]
[Site "London ENG"]
[Date "2016.12.13"]
[Round "6.6"]
[White "Smirin, Ilia"]
[Black "Shabalov, Alexander"]
[Result "1-0"]
[WhiteTitle "GM"]
[BlackTitle "GM"]
[WhiteElo "2669"]
[BlackElo "2563"]
[WhiteFideId "2801990"]
[BlackFideId "2008572"]
[EventDate "2016.12.09"]

1. e4 g6 2. d4 Bg7 3. c4 d6 4. Nc3 Nf6 5. Be2 O-O 6. Bg5 h6 7. Be3 Nbd7 8. Qd2
Kh7 9. f3 c5 10. Nh3 cxd4 11. Bxd4 Ne5 12. Nf2 Qa5 13. Rc1 Nc6 14. Be3 Nd7 15.
O-O Nc5 16. f4 Ne6 17. Bd3 Ned4 18. Kh1 f5 19. Qd1 Bd7 20. a3 Rac8 21. Bd2 Qd8
22. b4 a6 23. Be3 e6 24. Ne2 Qf6 25. exf5 exf5 26. Nc3 Be6 27. Re1 Qf7 28. Ne2
Rfe8 29. Nxd4 Nxd4 30. Bxd4 Bxd4 31. Qd2 Qf6 32. Nd1 Bf7 33. Ne3 b5 34. Bf1 Bxe3
35. Rxe3 Rxe3 36. Qxe3 bxc4 37. Qb6 Qb2 38. Re1 Qd2 39. Re7 Rf8 40. Qxa6 Kh8 41.
Qa7 Kg8 42. Kg1 c3 43. Qf2 Rc8 44. Re1 Bb3 45. b5 d5 46. Re2 Qxe2 47. Qxe2 d4
48. Qe1 Bd5 49. Qe5 c2 50. Qxd5+ Kf8 51. Qd6+ Ke8 52. Qe5+ Kf7 53. Bc4+ 1-0

[Event "London Classic Open 2016"]
[Site "London ENG"]
[Date "2016.12.13"]
[Round "6.7"]
[White "Gupta, Abhijeet"]
[Black "Libiszewski, Fabien"]
[Result "1-0"]
[WhiteTitle "GM"]
[BlackTitle "GM"]
[WhiteElo "2634"]
[BlackElo "2547"]
[WhiteFideId "5010608"]
[BlackFideId "616834"]
[EventDate "2016.12.09"]

1. d4 Nf6 2. c4 e6 3. Nf3 d5 4. Nc3 Bb4 5. Qa4+ Nc6 6. e3 O-O 7. Qc2 Re8 8. Bd2
a6 9. a3 Bd6 10. h3 h6 11. cxd5 exd5 12. Bd3 Be6 13. g4 Nd7 14. Rg1 Qf6 15. Be2
Qg6 16. Bd3 Qf6 17. Qd1 b5 18. h4 b4 19. g5 hxg5 20. hxg5 Qe7 21. Ne2 bxa3 22.
bxa3 Nb6 23. g6 Nc4 24. Ng5 f6 25. Nxe6 Nb2 26. Qc2 Nxd3+ 27. Qxd3 Qxe6 28. Rc1
Na7 29. Bb4 Nb5 30. Bxd6 Qxd6 31. Qf5 Kf8 32. Rh1 Nxa3 33. Rh7 Nc4 34. Rb1 Nb6
35. Nf4 Rad8 36. Nh5 Rd7 37. Ke2 Red8 38. Rh1 1-0

[Event "London Classic Open 2016"]
[Site "London ENG"]
[Date "2016.12.13"]
[Round "6.8"]
[White "Elsness, Frode"]
[Black "Melkumyan, Hrant"]
[Result "0-1"]
[WhiteTitle "IM"]
[BlackTitle "GM"]
[WhiteElo "2452"]
[BlackElo "2633"]
[WhiteFideId "1501100"]
[BlackFideId "13302485"]
[EventDate "2016.12.09"]

1. d4 d5 2. c4 c6 3. Nf3 Nf6 4. e3 Bf5 5. Nc3 e6 6. Nh4 Be4 7. f3 Bg6 8. Qb3 Qc7
9. Bd2 Be7 10. Rc1 Nbd7 11. cxd5 exd5 12. g3 Nb6 13. Kf2 a5 14. Nxg6 hxg6 15.
Bd3 a4 16. Qc2 Kf8 17. a3 g5 18. Kg2 Qd7 19. h3 Ne8 20. Be1 Nc7 21. Bf2 Ne6 22.
Rcd1 g6 23. e4 Kg7 24. e5 Rh5 25. Rh2 Qc7 26. Ne2 Rah8 27. Rdh1 Qc8 28. Be3 c5
29. dxc5 Bxc5 30. Bxc5 Qxc5 31. Qxc5 Nxc5 32. Rd1 g4 33. fxg4 Rxe5 34. Nf4 Re3
35. Bf1 Ne4 36. Nxd5 Nxd5 37. Rxd5 Rc8 38. Rd3 Re1 39. Kg1 Rcc1 40. Rf3 Ng5 41.
Rf4 Rxf1+ 42. Rxf1 Nf3+ 43. Kg2 Rxf1 44. Kxf1 Nxh2+ 45. Kf2 Kf6 46. Kg2 Nxg4 47.
hxg4 Kg5 48. Kf3 0-1

[Event "London Classic Open 2016"]
[Site "London ENG"]
[Date "2016.12.13"]
[Round "6.9"]
[White "Bates, Richard A"]
[Black "Cornette, Matthieu"]
[Result "1/2-1/2"]
[WhiteTitle "IM"]
[BlackTitle "GM"]
[WhiteElo "2347"]
[BlackElo "2597"]
[WhiteFideId "403555"]
[BlackFideId "620084"]
[EventDate "2016.12.09"]

1. d4 Nf6 2. Nf3 g6 3. c4 Bg7 4. g3 O-O 5. Bg2 d6 6. O-O Nc6 7. Nc3 e5 8. dxe5
dxe5 9. Qxd8 Rxd8 10. Bg5 Be6 11. Nd2 h6 12. Bxf6 Bxf6 13. Rfd1 Bg7 14. Rac1 f5
15. Nd5 Rac8 16. Nb3 b6 17. e4 Kf7 18. c5 Nd4 19. Nxd4 exd4 20. Nb4 Re8 21. Nc6
fxe4 22. Nxa7 Rcd8 23. Nc6 Rd7 24. cxb6 cxb6 25. Bxe4 Bxa2 26. Bf3 d3 27. Rd2
Bb3 28. Nb4 Bxb2 29. Rxb2 d2 30. Rf1 Bc4 31. Bd5+ Rxd5 32. Nxd5 Re1 33. Rxd2
Rxf1+ 34. Kg2 Rb1 35. Ne3 Be6 36. f4 b5 37. g4 b4 38. f5 gxf5 39. gxf5 Bc8 40.
Kf3 b3 41. Kf4 Ra1 42. Rb2 Ra4+ 43. Ke5 Rb4 44. Kd6 Ba6 45. Nd5 Rb8 46. Kc7 Rc8+
47. Kd7 Re8 48. Rxb3 Bc4 49. Re3 Rxe3 1/2-1/2

[Event "London Classic Open 2016"]
[Site "London ENG"]
[Date "2016.12.13"]
[Round "6.10"]
[White "Lenderman, Aleksandr"]
[Black "Ehlvest, Jaan"]
[Result "1/2-1/2"]
[WhiteTitle "GM"]
[BlackTitle "GM"]
[WhiteElo "2581"]
[BlackElo "2532"]
[WhiteFideId "2021285"]
[BlackFideId "4500016"]
[EventDate "2016.12.09"]

1. d4 d5 2. c4 dxc4 3. e3 e5 4. Bxc4 Nc6 5. d5 Na5 6. Qa4+ c6 7. dxc6 Nxc6 8.
Bd2 Bd6 9. Nc3 Nf6 10. Nge2 O-O 11. Ng3 Bd7 12. Qd1 Qe7 13. Bd3 Rad8 14. Qe2 Bb8
15. Rd1 a6 16. O-O Bg4 17. f3 Be6 18. Bc4 Ba7 19. Kh1 Bxc4 20. Qxc4 Qb4 21. Qxb4
Nxb4 22. Nge4 Nd3 23. Nxf6+ gxf6 24. Rb1 f5 25. g4 f4 26. exf4 Nf2+ 27. Rxf2
Bxf2 28. Ne4 f5 29. gxf5 Bd4 30. f6 exf4 31. Bb4 Bxf6 32. Bxf8 Rxf8 33. Rg1+ Kf7
34. Rc1 Bxb2 35. Rb1 Bd4 36. Ng5+ Ke7 37. Rxb7+ Kd6 38. Rxh7 Rb8 39. Ne4+ Kd5
40. Rh5+ Be5 41. Nd2 a5 42. Nc4 Kxc4 43. Rxe5 Rb1+ 44. Kg2 Rb2+ 45. Kh3 Rxa2 46.
Re4+ Kb3 47. Rxf4 a4 1/2-1/2

[Event "London Classic Open 2016"]
[Site "London ENG"]
[Date "2016.12.13"]
[Round "6.11"]
[White "Karthikeyan, P."]
[Black "Moussard, Jules"]
[Result "1-0"]
[WhiteTitle "IM"]
[BlackTitle "GM"]
[WhiteElo "2474"]
[BlackElo "2571"]
[WhiteFideId "5018226"]
[BlackFideId "642908"]
[EventDate "2016.12.09"]

1. d4 d6 2. e4 g6 3. Nc3 Bg7 4. Be3 a6 5. Qd2 b5 6. f3 Nd7 7. h4 h5 8. Nh3 Bb7
9. Ng5 Ngf6 10. O-O-O Qc8 11. g3 c5 12. Bh3 Qc7 13. Kb1 Nb6 14. b3 c4 15. d5 O-O
16. Bd4 b4 17. Bxb6 Qxb6 18. Na4 Qa5 19. g4 e6 20. gxh5 Nxh5 21. Bg4 exd5 22.
exd5 Qd8 23. Qxb4 Rb8 24. Qxc4 Qf6 25. c3 Nf4 26. Rd4 Ng2 27. Qe2 Nxh4 28. Qd2
Nf5 29. Nh7 Qe5 30. Nxf8 Rxf8 31. Re4 Qf6 32. Nb6 Ng3 33. Nd7 Qxc3 34. Qxc3 Bxc3
35. Nxf8 Nxh1 36. Nxg6 fxg6 37. Be6+ Kg7 38. Rc4 Ba5 39. Rf4 Ba8 40. Rf7+ 1-0

[Event "London Classic Open 2016"]
[Site "London ENG"]
[Date "2016.12.13"]
[Round "6.12"]
[White "Bogner, Sebastian"]
[Black "Arkell, Keith C"]
[Result "1-0"]
[WhiteTitle "GM"]
[BlackTitle "GM"]
[WhiteElo "2564"]
[BlackElo "2447"]
[WhiteFideId "4692055"]
[BlackFideId "400270"]
[EventDate "2016.12.09"]

1. d4 e6 2. Nf3 Nf6 3. c4 Bb4+ 4. Nbd2 d5 5. Qa4+ Nc6 6. e3 O-O 7. a3 Bxd2+ 8.
Bxd2 Ne4 9. Rd1 Bd7 10. Qc2 Nxd2 11. Rxd2 a5 12. Bd3 g6 13. h4 Qf6 14. h5 Rfe8
15. Qc3 a4 16. Kf1 dxc4 17. Bxc4 Red8 18. Ba2 Be8 19. Kg1 Rd7 20. hxg6 hxg6 21.
e4 Rad8 22. e5 Qg7 23. Rd3 Nxd4 24. Nxd4 Qxe5 25. Nf3 Qxc3 26. Rxc3 Rd1+ 27. Kh2
Rxh1+ 28. Kxh1 Bc6 29. Ne5 Rd2 30. Nxc6 bxc6 31. Kg1 Rxb2 32. Bc4 Kf8 33. Bd3
Ra2 34. Bc2 Ra1+ 35. Kh2 Ke7 36. Bxa4 c5 37. Kg3 Kd6 38. Kf3 c4 39. Bb5 Kd5 40.
Ke3 Re1+ 41. Kd2 Rg1 42. g3 1-0

[Event "London Classic Open 2016"]
[Site "London ENG"]
[Date "2016.12.13"]
[Round "6.13"]
[White "Hovhannisyan, Robert"]
[Black "Hector, Jonny"]
[Result "1-0"]
[WhiteTitle "GM"]
[BlackTitle "GM"]
[WhiteElo "2630"]
[BlackElo "2488"]
[WhiteFideId "13302507"]
[BlackFideId "1700090"]
[EventDate "2016.12.09"]

1. e4 e5 2. Nf3 Nc6 3. Bb5 Bc5 4. c3 Nf6 5. d4 exd4 6. e5 Ne4 7. cxd4 Bb4+ 8.
Bd2 Nxd2 9. Nbxd2 O-O 10. O-O d6 11. Nc4 dxe5 12. Bxc6 bxc6 13. Nfxe5 Qd5 14.
Ne3 Qe6 15. Qf3 Bd6 16. Nxc6 Bb7 17. g3 Rab8 18. b3 f5 19. d5 Bxc6 20. dxc6 f4
21. Qd5 Rbe8 22. Qxe6+ Rxe6 23. Nd5 fxg3 24. fxg3 Re2 25. Rxf8+ Kxf8 26. Rf1+
Ke8 27. Nc3 Rc2 28. Rf3 Bb4 29. Nd5 Bd6 30. Nc3 Bb4 31. Nd5 Bd6 32. a4 a5 33.
Nc3 Ke7 34. Kh1 Ke6 35. Nb5 Be5 36. Na3 Rc1+ 37. Kg2 Kd5 38. Nc4 Bc3 39. Rf5+
Ke4 40. Rf7 h5 41. Rxc7 Kd5 42. Rxg7 1-0

[Event "London Classic Open 2016"]
[Site "London ENG"]
[Date "2016.12.13"]
[Round "6.14"]
[White "Maze, Sebastien"]
[Black "Batchelor, Peter J"]
[Result "1-0"]
[WhiteTitle "GM"]
[BlackTitle "FM"]
[WhiteElo "2608"]
[BlackElo "2365"]
[WhiteFideId "613762"]
[BlackFideId "424854"]
[EventDate "2016.12.09"]

1. e4 c6 2. d4 d5 3. e5 c5 4. Nf3 Bg4 5. dxc5 Nc6 6. c3 e6 7. b4 Qc7 8. Nbd2
O-O-O 9. Qa4 Bxf3 10. Nxf3 Kb8 11. Bf4 Nge7 12. Be2 h6 13. h4 g5 14. hxg5 Ng6
15. Bg3 Bg7 16. gxh6 Rxh6 17. Rxh6 Bxh6 18. b5 Qa5 19. Qb3 Nce7 20. Qb4 Qxb4 21.
cxb4 d4 22. Rd1 Nf5 23. Bd3 Nge7 24. Bxf5 Nxf5 25. Ke2 Rg8 26. Kf1 Rg4 27. Rd3
Kc7 28. Bh2 a6 29. a4 axb5 30. axb5 Re4 31. Ne1 Rh4 32. Rh3 Rxh3 33. gxh3 b6 34.
Nd3 Bf8 35. Bf4 bxc5 36. bxc5 Bxc5 37. Nxc5 Kb6 38. Ne4 1-0

[Event "London Classic Open 2016"]
[Site "London ENG"]
[Date "2016.12.13"]
[Round "6.15"]
[White "Istratescu, Andrei"]
[Black "Warakomska, Anna"]
[Result "1-0"]
[WhiteTitle "GM"]
[BlackTitle "WIM"]
[WhiteElo "2596"]
[BlackElo "2348"]
[WhiteFideId "1200372"]
[BlackFideId "1130790"]
[EventDate "2016.12.09"]

1. d4 d5 2. c4 c6 3. Nf3 Nf6 4. Nc3 dxc4 5. a4 Bf5 6. Ne5 Nbd7 7. Nxc4 Nb6 8.
Ne5 a5 9. h4 e6 10. f3 h6 11. e4 Bh7 12. Be3 Bb4 13. Qb3 Nfd7 14. Nd3 Qe7 15.
Kf2 O-O 16. Na2 c5 17. Naxb4 c4 18. Qa3 axb4 19. Qxb4 Qxb4 20. Nxb4 Nxa4 21.
Bxc4 Nxb2 22. Bb5 Nb6 23. d5 N2c4 24. dxe6 fxe6 25. Rxa8 Rxa8 26. Rc1 Nxe3 27.
Kxe3 Bg6 28. Rc7 Ra5 29. Be2 Ra7 30. Nd3 Be8 31. Nc5 e5 32. Re7 Ra3+ 33. Kf2 Bf7
34. Rxb7 Ra2 35. Rxb6 Bc4 36. Nd7 Rxe2+ 37. Kg1 Re1+ 38. Kh2 Bf1 39. Rb2 Kf7 40.
Nxe5+ Ke6 41. Ng4 h5 42. Rb6+ Ke7 43. Ne5 Re2 44. Ng6+ Kf7 45. Nf4 Ra2 46. Rb7+
Kg8 47. Kg1 Ra1 48. Kf2 1-0

[Event "London Classic Open 2016"]
[Site "London ENG"]
[Date "2016.12.13"]
[Round "6.16"]
[White "Sadzikowski, Daniel"]
[Black "Paterek, Michal"]
[Result "1-0"]
[WhiteTitle "IM"]
[BlackTitle "FM"]
[WhiteElo "2547"]
[BlackElo "2311"]
[WhiteFideId "1132253"]
[BlackFideId "1116142"]
[EventDate "2016.12.09"]

1. Nf3 Nf6 2. c4 c6 3. g3 d5 4. Bg2 g6 5. b3 Bg7 6. Bb2 O-O 7. O-O a5 8. d3 Na6
9. Nbd2 a4 10. Qc1 Re8 11. bxa4 Qa5 12. cxd5 cxd5 13. Bc3 Qxa4 14. Qb2 Bd7 15.
Ne5 Rec8 16. Rfc1 Rc7 17. Nxd7 Qxd7 18. Be5 Rc5 19. Rxc5 Nxc5 20. Rc1 Ne6 21.
Nf3 Rc8 22. Rxc8+ Qxc8 23. Bh3 Ne8 24. Bxe6 fxe6 25. Bxg7 Nxg7 26. Kg2 Qc7 27.
Qb5 h6 28. a4 b6 29. e3 Nf5 30. Qb4 Kf7 31. g4 Ng7 32. Qd4 g5 33. h4 gxh4 34.
Ne5+ Kg8 35. Qf4 Kh7 36. g5 Nf5 37. g6+ Kg7 38. e4 dxe4 39. dxe4 h3+ 40. Kh2 Nd6
41. Ng4 Kxg6 42. Qxh6+ Kf7 43. Qh7+ Kf8 44. Qh8+ 1-0

[Event "London Classic Open 2016"]
[Site "London ENG"]
[Date "2016.12.13"]
[Round "6.17"]
[White "Grafl, Florian"]
[Black "Karthikeyan, Murali"]
[Result "0-1"]
[WhiteTitle "IM"]
[BlackTitle "GM"]
[WhiteElo "2394"]
[BlackElo "2530"]
[WhiteFideId "4645715"]
[BlackFideId "5074452"]
[EventDate "2016.12.09"]

1. Nc3 c5 2. Nf3 Nf6 3. d4 cxd4 4. Nxd4 Nc6 5. g3 d5 6. Bg2 e5 7. Nb3 d4 8. Nb1
Be6 9. O-O a5 10. c3 a4 11. N3d2 Be7 12. cxd4 exd4 13. b3 axb3 14. Nxb3 Qb6 15.
Bb2 Rd8 16. N1d2 Nd5 17. Rc1 O-O 18. Nc4 Qa6 19. Nxd4 Ndb4 20. Nxc6 bxc6 21. Qb3
Nxa2 22. Rc2 Rb8 23. Qe3 Qa4 24. Qe4 Rb4 25. Ba3 Rxc4 26. Rxc4 Qxa3 27. Rxc6 Nc3
28. Qe3 Bf6 29. Bf3 Qb2 30. Rc1 Bd4 31. Qf4 Bh3 32. Rc4 Bf6 33. Rb4 Qa3 34. Re1
Bg5 35. Qc4 Bd2 36. Rb3 Qa5 37. Rf1 Be6 38. Qd3 Bxb3 39. Qxd2 Be6 40. Rc1 Rc8
41. Kg2 h6 42. h4 Rc5 43. Kh2 Nd5 44. Qxa5 Rxa5 45. Rc2 Nf6 46. Rd2 g6 47. Kg2
Ra2 48. Rd4 h5 49. Rb4 Rd2 50. Rf4 Kg7 51. Ra4 Bd5 52. Ra5 Bc4 53. Re5 Ng4 54.
Re4 Bd5 55. Rf4 Be6 56. Re4 Kf6 57. Rf4+ Ke7 58. Re4 Kd6 59. Rb4 Ne5 60. Rf4 Ke7
61. Re4 Kf6 62. Rf4+ Kg7 63. Kf1 Nxf3 64. exf3 Bd5 65. g4 Rc2 66. gxh5 Rc4 67.
Rg4 Rxg4 68. fxg4 gxh5 69. g5 Kg6 0-1

[Event "London Classic Open 2016"]
[Site "London ENG"]
[Date "2016.12.13"]
[Round "6.18"]
[White "Soumya, Swaminathan"]
[Black "Hebden, Mark L"]
[Result "0-1"]
[WhiteTitle "WGM"]
[BlackTitle "GM"]
[WhiteElo "2384"]
[BlackElo "2492"]
[WhiteFideId "5016193"]
[BlackFideId "400084"]
[EventDate "2016.12.09"]

1. d4 Nf6 2. c4 c5 3. d5 b5 4. cxb5 a6 5. bxa6 g6 6. Nc3 Bxa6 7. Nf3 d6 8. g3
Nbd7 9. Bg2 Bg7 10. O-O Nb6 11. Re1 O-O 12. e4 Nfd7 13. Qc2 Nc4 14. Bf1 Nde5 15.
Nh4 Qa5 16. Kg2 Rfb8 17. h3 Nxb2 18. Bxa6 Rxa6 19. Bxb2 Nc4 20. Rab1 Nxb2 21. e5
Rab6 22. Nf3 c4 23. Re3 Nd3 24. Rxb6 Qxb6 25. Na4 Qb5 26. exd6 exd6 27. Re4 Nb4
28. Qxc4 Qxa4 29. Qc7 Qa8 30. Ng5 Rb7 31. Qxd6 Bf8 32. Qf4 Nxd5 33. Qf3 Ra7 34.
Kh2 h6 35. Rd4 hxg5 36. Qxd5 Rxa2 37. Qxa8 Rxa8 38. Rd5 Be7 39. Kg2 Ra2 40. Kf3
Rc2 41. Ke3 Kg7 42. Rb5 Ra2 43. Kf3 f5 44. Rb7 Kf7 45. Ke3 Ke6 46. Rb6+ Bd6 0-1

[Event "London Classic Open 2016"]
[Site "London ENG"]
[Date "2016.12.13"]
[Round "6.19"]
[White "Adair, James R"]
[Black "Sowray, Peter J"]
[Result "0-1"]
[WhiteTitle "IM"]
[BlackTitle "FM"]
[WhiteElo "2489"]
[BlackElo "2307"]
[WhiteFideId "406252"]
[BlackFideId "400971"]
[EventDate "2016.12.09"]

1. e4 g6 2. d4 d6 3. Nc3 Bg7 4. Be3 a6 5. Qd2 b5 6. h4 h6 7. O-O-O Nd7 8. Nh3
Nb6 9. Qe1 Nf6 10. f3 Bxh3 11. Rxh3 Qd7 12. Bd3 O-O 13. h5 g5 14. e5 Nfd5 15.
Nxd5 Nxd5 16. Bxg5 dxe5 17. dxe5 Qe6 18. Bh4 Bxe5 19. Qe4 f5 20. Bc4 fxe4 21.
Bxd5 Bf4+ 22. Kb1 Qxd5 23. Rxd5 Bd6 24. Kc1 e6 25. Rd4 exf3 26. Rxf3 Rxf3 27.
gxf3 Rf8 28. Bg3 e5 29. Rg4+ Kh7 30. Re4 Rf5 31. Kd1 Rxh5 32. Ke2 Rf5 33. c4 Kg6
34. c5 Bxc5 35. Bxe5 Bb6 36. Rg4+ Rg5 37. Re4 Rg2+ 38. Ke1 Kf5 39. Bc3 Rf2 40.
Re5+ Kf4 41. Rh5 Ke3 42. Rxh6 Rxf3 43. Rh2 Rg3 44. Kd1 Kd3 45. Rd2+ Kc4 46. Kc2
Be3 47. b3+ Kc5 48. Rd7 Bf4 49. a4 Rg2+ 50. Kd3 Rg3+ 51. Kc2 Rg2+ 52. Kd3 Bd6
53. axb5 axb5 54. Rg7 Rxg7 55. Bxg7 Kb4 56. Kc2 Ka3 57. Bb2+ Ka2 58. Bc3 b4 59.
Bg7 c5 60. Bf6 Bh2 61. Bg7 Bg1 62. Bf6 Bd4 63. Bg5 Bg7 64. Bc1 Bf6 65. Bd2 c4 0-1